| 000 | 00938nas a2200301 4500 | ||
|---|---|---|---|
| 001 | BR0504077 | ||
| 003 | BR-BrBNA | ||
| 005 | 20231205105542.0 | ||
| 007 | ta | ||
| 008 | 230509b bl.|||p| |||| 00| 00por d | ||
| 040 |
_aBR-BrBNA _bpor _cBiblioteca Nacional de Agricultura |
||
| 041 | _a(Pt) | ||
| 072 | _aK10 | ||
| 100 | 1 | _aNery, M.C. | |
| 100 | 1 | _aCarvalho, M.L.M. de | |
| 100 | 1 | _aOliveira, L.M. de | |
| 245 | 1 | _aDeterminação do grau de umidade de sementes de ipê-do-cerrado Tabebuia ochracea ((Cham.)Standl.)pelos métodos de estufa e forno de microondas | |
| 650 | _aIPÊ | ||
| 650 | _aESTUFA | ||
| 650 | _aTEOR DE UMIDADE | ||
| 650 | _aFORNO DE MICROONDAS | ||
| 650 | _aSEMENTE | ||
| 650 | _aCOLHEITA | ||
| 650 | _aPLANTIO | ||
| 773 | 0 |
_tCiência e Agrotecnologia (Brazil) _xISSN 1413-7054 _g(Nov-Dec 2004), v. 28(6) p. 1299-1305 _wBR0504077 |
|
| 909 |
_a202311 _bLúcia _c55 _dLúcia Elande |
||
| 942 |
_2AGRIS _n0 _cANA |
||
| 999 |
_c183518 _d183518 |
||